000 00369nam a2200097Ia 4500
008 180130s9999 xx 000 0 und d
245 _cGoleman, Daniel; Boyatzis, Richard
_aSocial intelligence and the biology of leadership
260 _c2013
300 _aBook title: HBR's 10 must reads on collaboration--Acession number C20792; pages 15-30
650 _aBUSINESS NETWORKS
999 _c354439
_d354439